000 00826nam a2200253Ia 4500
003 OSt
005 20220923224847.0
006 a|||||r|||| 00| 0
007 ta
008 220922b |||||||| |||| 00| 0 hin d
024 _a252,529
037 _cTextual
040 _aARTS
_cARTS
_bhin
041 _2hin
_ahin
082 _aO152,2N406,ST, N3
100 _aउपाध्याय, गोपाल
245 0 _aसिर्फ तुम्हारे लिए
246 _aSirfa tumhāre lie
260 _aनई दिल्ली
_b सामयिक प्रकाशन
_c1993
300 _a54पृ.
_ccm.
650 _aहिन्दी साहित्य
_9156264
942 _hO152,2N406,ST, N3
_cTEXL
_2CC
999 _c374182
_d374182